Statistics for David Mitchell Novels

Click here to take the quiz!

General Stats

  • This quiz has been taken 5 times
    (4 since last reset)
  • The average score is 6 of 9

Answer Stats

YearTitle% Correct
2004Cloud Atlas
100%
1999Ghostwritten
100%
2001number9dream
100%
2014The Bone Clocks
100%
2010The Thousand Autumns of Jacob de Zoet
75%
2015Slade House
50%
2020Utopia Avenue
50%
2006Black Swan Green
25%
2016From Me Flows What You Call Time
25%

Score Distribution

Percentile by Number Answered

Percent of People with Each Score

Your Score History

You have not taken this quiz since the last reset